LEADER 01206nam a2200277 u 4500 001 000000114148 003 CaOOAMICUS 005 20081217164346.0 008 081217s2008 it u000 u ita r 020 $z978-88-10-41514-6* 040 $aPUL$bita$dLDB 100 1 $aMariani, Milena.$0(OLS)http://pul/name/70409 245 12$aL'innocenza perduta del sapere in Karl Rahner /$cMilena Mariani. 260 $aBologna :$bEDB,$cc2008. 300 $a300 p. ;$c21 cm 490 1 $aScienze religiose. Nuova serie ;$v18 500 $aNell'occh. Fondazione Bruno Kessler. Centro per le scienze religiose. 504 $aBibliografia : p. 279-297. 600 14$aRahner, Karl,$cS.I.,$d1904-1984.$0(OLS)http://pul/subject/2205 830 0$aScienze religiose (EDB).$pNuova serie ;$v18.$0(OLS)http://pul/title/65809 850 $aPUL 852 $aPUL$W1$xSL Religione 3$y85$m230. 2 MARMI 1$j130431$qDDC 21$B129502$CPULBib$Z2$F129502 $H108894 $82 941 1 $a9 996 $6020$z978-88-10-41514-6*$9(OLS)http://pul/number/139354 996 $6245$aL'innocenza perduta del sapere in Karl Rahner$9(OLS)http://pul/title/143445 996 $6260$aBologna :$bEDB$9(OLS)http://pul/publisher/56073 LEADER 01808nam a2200409 a 4500 001 000000166363 003 CaOOAMICUS 005 20220509092151.0 008 180302s2016 it u000 u ita r 020 $a978-88-343-3206-1* 032 $aLibriCat 040 $aPUL$bita 082 04$a261.85 245 00$aCultura, etica e finanza :$bper una economia al servizio dell'uomo: scritti in onore di Angelo Caloia /$ca cura di Laura Meraviglia, Luciano Venturini, Marco Zanobio. 260 $aMilano :$bVita e pensiero,$cİ2016. 300 $aIX, 340 p. ;$c22 cm. 490 1 $aEconomia. Ricerche 504 $aBibliografia in nota. 600 14$aCaloia, Angelo.$0(OLS)http://pul/subject/45369 650 4$aEtica e economia.$0(OLS)http://pul/subject/11804 700 1 $aMeraviglia, Laura.$0(OLS)http://pul/name/107290 700 1 $aVenturini, Luciano.$0(OLS)http://pul/name/107291 700 1 $aZanobio, Marco.$0(OLS)http://pul/name/107292 830 0$aRicerche (Vita e pensiero).$pEconomia.$0(OLS)http://pul/title/206081 850 $aPUL 852 $aPUL$W1$xSL Religione 3$y85$m261. 85 MERLA 1$j190904$qDDC 21$B193788$CPULBib$Z2$F193788 $H130393 $81 941 1 $a9 960 $aEconomia e morale$911804 960 $aEconomia e morale$911804 960 $aEtica economica$911804 960 $aEtica degli affari$911804 960 $aFinanza etica$911804 996 $6020$a978-88-343-3206-1*$9(OLS)http://pul/number/163643 996 $6082$a261.85$9(OLS)http://pul/classification/1844 996 $6245$aCultura, etica e finanza :$bper una economia al servizio dell'uomo: scritti in onore di Angelo Caloia$9(OLS)http://pul/title/206080 996 $6260$aMilano :$bVita e pensiero$9(OLS)http://pul/publisher/48016